00376nam a2200121Ia 4500008004100000024003000041082001600071100003800087245004500125260002500170600002100195650003800216250506s9999 xx 000 0 und d a12B-76-BS & 12B-91-BS a004.072 MUH aMuhammad Hassan Zia & Omama Habib 0aImage Steganography by Using Fuzzy Logic aKarachi:bUIT,c2012 aComputer Science aBachelor of Computer Science (BS)